000 00359nam a22001337a 4500
999 _c12609
_d12609
008 241220b 2024 ||||| |||| 00| 0 eng d
020 _a9788172345662
082 _a154.2
_bMUR
100 _aMurphy, Joseph
245 _aThe power of your subconscious mind
260 _aNew Delhi
_bFingerprint Classics Publication
_c2024
300 _a256p.
942 _cBK